Biểu hiện niềm tin tôn giáo qua hình vi tham dự các ngày lễ, khóa tu của tín đồ Phật giáo thành phố Hồ Chí Minh /

Guardado en:
Detalles Bibliográficos
Autor principal: Thái Văn Anh.
Formato: Artículo
Lenguaje:Vietnamese
Materias:
Etiquetas: Agregar Etiqueta
Sin Etiquetas, Sea el primero en etiquetar este registro!
Thư viện lưu trữ: Thư viện Trường Đại học Đà Lạt
LEADER 00888nam a2200277 4500
001 DLU190193242
005 ##20191106
040 # # |a DLU  |b vie 
041 # # |a vie 
044 # # |a vn 
100 # # |a Thái Văn Anh. 
245 # # |a Biểu hiện niềm tin tôn giáo qua hình vi tham dự các ngày lễ, khóa tu của tín đồ Phật giáo thành phố Hồ Chí Minh /  |c Thái Văn Anh. 
653 # # |a Niềm tin tôn giáo 
653 # # |a Phật giáo 
653 # # |a Tín đồ Phật giáo 
653 # # |a Thành phố Hồ Chí Minh 
773 # # |t Nghiên cứu Tôn giáo  |g Số 3&4(161), 2017, tr. 3-11 
920 # # |a Phòng Tạp chí -- Trung tâm Thông tin - Thư viện Trường Đại học Đà Lạt 
994 # # |a DLU 
900 # # |a True 
911 # # |a Hoàng Thị Huyền 
925 # # |a G 
926 # # |a A 
927 # # |a BB 
980 # # |a Thư viện Trường Đại học Đà Lạt